000 01512cad a22002295a 4500
001 E149947
008 100519s2010 xxk f 000 0 eng d
020 _a9780950364889
035 _a(Sirsi) u149947
041 0 _aeng
110 2 _aOffshore Valuation Group
_95847
245 0 4 _aThe offshore valuation
_ba valuation of the UK's offshore renwable energy resource
_h[electronic resource]
260 _a[S.l.]
_bOffshore Valuation Group
_c2010
505 2 _aForeward -- Executive summary -- Preface -- Report summary -- Energy demand in 2050 -- Sizing the offshore renewable resource -- Deployment scenarios -- Supply chain -- Cost -- Scenarios -- Financing -- Variability -- Grid connection -- Valuing the offshore resource -- Appendix
520 _aIn answer to the question, "what is the value of our offshore renewable energy resource?", the Offshore Valuation Group found that if 29% of the practical offshore renewable resource was harnessed by 2050, enough electricity could be generated to match North Sea oil and gas production. The research also found that the UK could achieve carbon dioxide reductions of 1.1bn tonnes between 2010 and 2050, and that 145 000 new jobs could be created by the industry in the UK.
521 _aAdvanced
590 _aKA
651 4 _aUnited Kingdom
_y
690 _aENVIRONMENTAL AND LAND CONSULTANCY-ENERGY-ENERGY USE-ENERGY EFFICIENCY
856 4 0 _uhttps://www.offshorevaluation.org/
_zView the report free of charge at www.offshorevaluation.org
942 _n0
999 _c110683
_d110683